000 00830nam a2200241Ia 4500
003 OSt
005 20220923225035.0
006 a|||||r|||| 00| 0
007 ta
008 220922b |||||||| |||| 00| 0 hin d
024 _a255,607
037 _cTextual
040 _aARTS
_cARTS
_bhin
041 _2hin
_ahin
082 _aP15,Cx1,1,2, 152L9
100 _aविधावाचस्पति, वेदप्रकाश
_9162543
245 0 _aव्याकरण महाभाष्म्
246 _aVyākaraṇ hinābhāṣhm
260 _aदिल्ली
_b मेहरचन्द लछमनदास
_c1979
300 _a193पृ.
_ccm.
942 _hP15,Cx1,1,2, 152L9
_cTEXL
_2CC
999 _c375599
_d375599